000 00735nam a2200181Ia 4500
005 20260429112246.0
008 260429s9999||||xx |||||||||||||| ||und||
020 _a9788193630297
041 _aHindi
082 _a294.5924
_bBRA
100 _aब्रजपुरिया, रामस्वरुप
245 0 _aश्रीमदभगवदगीता :
_bक्रमिक स्वाध्याय (उत्तरार्द्ध) (अध्याय 10 से 18) /
_cरामस्वरुप ब्रजपुरिया
250 _a1st ed.
260 _aदिल्ली :
_bईस्टर्न बुक लिंकर,
_c2018.
300 _axvii, 406 p.; Hb
650 _aReligion
942 _cTB
999 _c53168
_d53168